La era de la traducción: la tarea del traductor de Walter Benjamin, un comentario
Uloženo v:
| Hlavní autor: | |
|---|---|
| Médium: | Kniha |
| Jazyk: | španělština |
| Vydáno: |
Buenos Aires
Dedalus
2015
|
| Vydání: | 1a. ed |
| Edice: | Colección Ciencias Humanas
|
| Témata: | |
| Tagy: |
Přidat tag
Žádné tagy, Buďte první, kdo vytvoří štítek k tomuto záznamu!
|
MARC
| LEADER | 00000cam a2200000 a 4500 | ||
|---|---|---|---|
| 001 | UCD3438 | ||
| 003 | CL-VaPUC | ||
| 008 | 160603e20151000ag |||||||||||||||||spa|d | ||
| 020 | |a 9789872820060 | ||
| 082 | 0 | 4 | |a 418.02 |b BER |2 21 |
| 100 | 0 | |a Berman, Antoine |e author |9 586914 | |
| 245 | 1 | 3 | |a La era de la traducción: la tarea del traductor de Walter Benjamin, un comentario |
| 250 | |a 1a. ed | ||
| 300 | |a 240 p | ||
| 942 | |c BK | ||
| 945 | |d 20160603 11:43:00 |a arojas | ||
| 260 | |a Buenos Aires |b Dedalus |c 2015 | ||
| 600 | 0 | |a Benjamin, Walter |d 1892-1940 |9 269121 | |
| 650 | 0 | |a Traducción |9 357261 | |
| 650 | 0 | |a Traductores |9 357262 | |
| 583 | |a last modification |c 20160603 11:43:00 |k Rodrigo Vera | ||
| 490 | 0 | |a Colección Ciencias Humanas | |
| 999 | |c 364474 |d 364472 | ||
| 952 | |0 0 |1 0 |3 erb |4 0 |6 418_020000000000000_BER_2015 |7 0 |8 A |9 477672 |a BIBART |b BIBART |i 5290783 |l 5 |o 418.02 BER 2015 |p 5290783 |r 2025-03-13 |s 2023-12-05 |w 2019-11-24 |y BK |z Catalogado en:20160603 |k ART | ||